000 00375nam a2200169Ia 4500
003 IT-RoPAU
008 120407s9999 xx 000 0 und d
040 _aIT-RoPAU
040 _cIT-RoPAU
100 _aRosanna Manasse
245 _aDal grido alla canzone
260 _aSan Paolo Edizioni
300 _c cm
490 _v1
700 _aAngelo De Simone
942 _cBK
999 _c10667
_d10667